[Event "España ch sub-18 2012"]
[Site "Salobreña ESP"]
[Date "2012.07.23"]
[Round "1.23"]
[White "Navarro Molina, David"]
[Black "Castillo Rodriguez, Angel Luis"]
[Result "0-1"]
[WhiteElo "2141"]
[BlackElo "1805"]
[PlyCount "66"]
[EventDate "2012.07.23"]
[EventType "swiss"]
[EventRounds "9"]
[EventCountry "ESP"]
[Source "lmi"]
[SourceDate "2012.07.23"]

1. d4 e6 2. c4 f5 3. e3 Nf6 4. Bd3 d5 5. Nc3 c6 6. Nge2 Bd6 7. c5 Bc7 8. f3 Nh5
9. g3 O-O 10. Bd2 e5 11. dxe5 Bxe5 12. Qc2 Qe7 13. Na4 Bc7 14. O-O-O g6 15.
Rhg1 b5 16. cxb6 axb6 17. e4 b5 18. Nac3 Bb6 19. exf5 Bxg1 20. Rxg1 Bxf5 21.
Bxf5 gxf5 22. g4 Ng7 23. gxf5 Qf6 24. Be3 Qxf5 25. Qd2 b4 26. Bd4 Rf7 27. Qh6
Raa7 28. Bxa7 Rxa7 29. Nb1 Qe5 30. a3 Qxe2 31. Rg4 Qf1+ 32. Kc2 b3+ 33. Kxb3
Qxf3+ 0-1

[Event "España ch sub-18 2012"]
[Site "Salobreña ESP"]
[Date "2012.07.23"]
[Round "1.24"]
[White "Colas Perez, Patricia"]
[Black "Amores Gago, Javier"]
[Result "0-1"]
[WhiteElo "1798"]
[BlackElo "2135"]
[PlyCount "56"]
[EventDate "2012.07.23"]
[EventType "swiss"]
[EventRounds "9"]
[EventCountry "ESP"]
[Source "lmi"]
[SourceDate "2012.07.23"]

1. c4 e5 2. Nc3 Nf6 3. g3 c6 4. Bg2 d5 5. cxd5 cxd5 6. d4 exd4 7. Qxd4 Nc6 8.
Qd1 Bb4 9. Bd2 O-O 10. a3 Ba5 11. b4 Bc7 12. Nf3 Be6 13. O-O Qe7 14. Rc1 a5 15.
b5 Ne5 16. a4 Nc4 17. Bg5 Rfd8 18. Qd4 Rac8 19. Rfd1 Bb6 20. Bxf6 gxf6 21. Qf4
Nb2 22. Rd2 Rc4 23. Qh6 Nxa4 24. Rd3 Qa3 25. Qd2 Rdc8 26. Rc2 Nxc3 27. Qd1 Ra8
28. Bf1 Bc8 0-1

[Event "España ch sub-18 2012"]
[Site "Salobreña ESP"]
[Date "2012.07.23"]
[Round "2.1"]
[White "Santos Ruiz, Miguel"]
[Black "Anton Guijarro, David"]
[Result "0-1"]
[WhiteElo "2106"]
[BlackElo "2490"]
[PlyCount "82"]
[EventDate "2012.07.23"]
[EventType "swiss"]
[EventRounds "9"]
[EventCountry "ESP"]
[Source "lmi"]
[SourceDate "2012.07.23"]

1. e4 c6 2. c4 g6 3. Nf3 Bg7 4. Nc3 d6 5. d4 Nf6 6. Be2 O-O 7. O-O Bg4 8. Ne1
Bxe2 9. Qxe2 e5 10. d5 cxd5 11. cxd5 a6 12. Nd3 Nbd7 13. Be3 Nb6 14. f3 Rc8 15.
a4 Nc4 16. Bf2 Nh5 17. b4 Nf4 18. Nxf4 exf4 19. Rac1 Qg5 20. Nb1 Ne3 21. Bxe3
fxe3 22. f4 Qf6 23. Qxe3 Qa1 24. e5 dxe5 25. Rxc8 Rxc8 26. d6 Qd4 27. Qxd4 exd4
28. Re1 Bf8 29. d7 Rd8 30. b5 axb5 31. axb5 Rxd7 32. Rd1 Rd5 33. Nd2 Rxb5 34.
Nf3 Bc5 35. Kf1 Rb4 36. Ne5 Bd6 37. Nd3 Rb3 38. g3 f6 39. Ne1 Bc5 40. Kg2 Rb2+
41. Kh3 b6 0-1

[Event "España ch sub-18 2012"]
[Site "Salobreña ESP"]
[Date "2012.07.23"]
[Round "2.2"]
[White "Forcen Esteban, Daniel"]
[Black "Sanchez Garcia, Julio"]
[Result "1-0"]
[WhiteElo "2457"]
[BlackElo "2108"]
[PlyCount "37"]
[EventDate "2012.07.23"]
[EventType "swiss"]
[EventRounds "9"]
[EventCountry "ESP"]
[Source "lmi"]
[SourceDate "2012.07.23"]

1. e4 e6 2. Nf3 d5 3. e5 c5 4. b4 cxb4 5. d4 Nc6 6. a3 bxa3 7. c3 f6 8. Bd3 a6
9. Nxa3 Bd7 10. Ng5 fxg5 11. Qh5+ Ke7 12. Bxg5+ Nf6 13. O-O Be8 14. Qf3 Kf7 15.
exf6 g6 16. Rfe1 b5 17. Nc2 h6 18. Bh4 Rg8 19. Rxe6 1-0

[Event "España ch sub-18 2012"]
[Site "Salobreña ESP"]
[Date "2012.07.23"]
[Round "2.3"]
[White "Sanchez Ibern, Marc"]
[Black "Gonzalez Hernandez, Ferran"]
[Result "1-0"]
[WhiteElo "2364"]
[BlackElo "2101"]
[PlyCount "65"]
[EventDate "2012.07.23"]
[EventType "swiss"]
[EventRounds "9"]
[EventCountry "ESP"]
[Source "lmi"]
[SourceDate "2012.07.23"]

1. e4 c5 2. Nc3 Nc6 3. Nge2 d6 4. g3 Nf6 5. Bg2 e6 6. d4 cxd4 7. Nxd4 Be7 8.
O-O O-O 9. Nb3 a6 10. a4 Na5 11. Nxa5 Qxa5 12. Bd2 Qc7 13. a5 Bd7 14. Be3 Bc6
15. Bb6 Qc8 16. Bd4 Qd7 17. f4 Rad8 18. Qe2 Ne8 19. Rad1 Nc7 20. Bb6 Rc8 21.
Rfe1 Qe8 22. Nb1 Na8 23. Bd4 Bb5 24. Qd2 Rd8 25. Na3 e5 26. Bf2 Rc8 27. b3 Nc7
28. c4 Bc6 29. f5 d5 30. exd5 Bxd5 31. cxd5 Bxa3 32. f6 gxf6 33. Bf1 1-0

[Event "España ch sub-18 2012"]
[Site "Salobreña ESP"]
[Date "2012.07.23"]
[Round "2.4"]
[White "Jimenez Almeida, Luis David"]
[Black "Ladron De Guevara Pinto, Paolo"]
[Result "0-1"]
[WhiteElo "2097"]
[BlackElo "2353"]
[PlyCount "72"]
[EventDate "2012.07.23"]
[EventType "swiss"]
[EventRounds "9"]
[EventCountry "ESP"]
[Source "lmi"]
[SourceDate "2012.07.23"]

1. d4 d5 2. Nf3 Nf6 3. c4 c6 4. e3 Bf5 5. Nc3 e6 6. Nh4 Be4 7. f3 Bg6 8. Qb3
Qc7 9. Bd2 Be7 10. Rc1 dxc4 11. Bxc4 a6 12. Be2 Bh5 13. g3 g5 14. Ng2 Nbd7 15.
O-O b5 16. a4 b4 17. Na2 a5 18. Qc4 Rc8 19. e4 h6 20. f4 Nb6 21. Qd3 Bxe2 22.
Qxe2 Qd8 23. e5 Nfd5 24. Qh5 Rh7 25. b3 gxf4 26. gxf4 Kd7 27. f5 Bg5 28. fxe6+
fxe6 29. Rf7+ Rxf7 30. Qxf7+ Ne7 31. Bxg5 hxg5 32. Rf1 Qg8 33. Qf2 Nbd5 34. Nc1
Qh7 35. Qf7 Qe4 36. Rd1 Nf4 0-1

[Event "España ch sub-18 2012"]
[Site "Salobreña ESP"]
[Date "2012.07.23"]
[Round "2.5"]
[White "Alcaraz Ortega, Javier"]
[Black "Angeleri Gastanaga, Rodrigo N"]
[Result "1/2-1/2"]
[WhiteElo "2297"]
[BlackElo "2096"]
[PlyCount "93"]
[EventDate "2012.07.23"]
[EventType "swiss"]
[EventRounds "9"]
[EventCountry "ESP"]
[Source "lmi"]
[SourceDate "2012.07.23"]

1. d4 Nf6 2. Nf3 g6 3. c4 Bg7 4. Nc3 O-O 5. e4 d6 6. Be2 e5 7. O-O Nc6 8. d5
Ne7 9. b4 Nh5 10. Re1 a5 11. bxa5 Rxa5 12. a4 c5 13. Ra3 Ra6 14. Nd2 Nf6 15.
Nb5 Nd7 16. Bd3 f5 17. exf5 gxf5 18. f4 e4 19. Be2 Kh8 20. Nf1 Nf6 21. Bb2 Neg8
22. Ne3 Nh6 23. Kh1 Rg8 24. Qa1 Qe7 25. Nf1 Nfg4 26. Bxg4 Nxg4 27. Rg3 Bxb2 28.
Qxb2+ Qg7 29. Qc2 Qh6 30. h3 Bd7 31. Qc3+ Rg7 32. Kg1 Nf6 33. Rb1 Nh5 34. Rxg7
Qxg7 35. Qxg7+ Kxg7 36. Nc3 Bc8 37. g3 Kf7 38. Kf2 Ke7 39. Ke3 Nf6 40. Ra1 h5
41. Kf2 Bd7 42. Rb1 Bc8 43. Ne3 Kd8 44. Ra1 Ke7 45. Rh1 Rb6 46. Nb5 Ra6 47. Nc3
1/2-1/2

[Event "España ch sub-18 2012"]
[Site "Salobreña ESP"]
[Date "2012.07.23"]
[Round "2.6"]
[White "Valhondo Morales, Ruben"]
[Black "Meneses Gonzalez, Kevin Moises"]
[Result "1/2-1/2"]
[WhiteElo "2085"]
[BlackElo "2264"]
[PlyCount "103"]
[EventDate "2012.07.23"]
[EventType "swiss"]
[EventRounds "9"]
[EventCountry "ESP"]
[Source "lmi"]
[SourceDate "2012.07.23"]

1. d4 Nf6 2. c4 g6 3. Nc3 Bg7 4. e4 d6 5. f4 c5 6. d5 O-O 7. Nf3 e6 8. dxe6
fxe6 9. Bd3 Nc6 10. O-O Bd7 11. Ng5 Qe7 12. Qe1 Rae8 13. Qh4 h6 14. Nh3 e5 15.
f5 gxf5 16. Bxh6 Nxe4 17. Qxe7 Rxe7 18. Bxg7 Rxg7 19. Bxe4 fxe4 20. Rxf8+ Kxf8
21. Nf2 e3 22. Nfd1 e2 23. Nxe2 Nd4 24. Ng3 b5 25. Ne3 bxc4 26. Nxc4 Ke7 27.
Rf1 Bb5 28. Ne3 Rxg3 29. hxg3 Bxf1 30. Kxf1 Ke6 31. g4 d5 32. Ke1 Nc6 33. Kd2
e4 34. b3 Ne5 35. g5 d4 36. Nf1 Ng6 37. Ng3 Ke5 38. Ne2 d3 39. Nc3 Ne7 40. g6
Nxg6 41. Ke3 Nf4 42. Nxe4 Nxg2+ 43. Kxd3 Ne1+ 44. Ke3 Nc2+ 45. Kd3 Nb4+ 46. Ke3
Nc2+ 47. Kd3 Ne1+ 48. Ke3 Nc2+ 49. Kd3 Nb4+ 50. Ke3 Nxa2 51. Nxc5 Kd5 52. Nd3
1/2-1/2

[Event "España ch sub-18 2012"]
[Site "Salobreña ESP"]
[Date "2012.07.23"]
[Round "2.7"]
[White "Tejedor Fuentes, Enrique"]
[Black "Gomez Dieguez, David"]
[Result "1/2-1/2"]
[WhiteElo "2254"]
[BlackElo "2081"]
[PlyCount "62"]
[EventDate "2012.07.23"]
[EventType "swiss"]
[EventRounds "9"]
[EventCountry "ESP"]
[Source "lmi"]
[SourceDate "2012.07.23"]

1. Nf3 Nf6 2. d4 c5 3. e3 b6 4. Bd3 Bb7 5. O-O g6 6. Nbd2 Bg7 7. c3 d6 8. Qe2
Nbd7 9. e4 cxd4 10. cxd4 O-O 11. b4 Nh5 12. Nb3 e5 13. d5 f5 14. Ng5 f4 15. Ne6
Qh4 16. Qf3 Rf7 17. Qh3 Qxh3 18. gxh3 Nf8 19. Nxf8 Bxf8 20. f3 g5 21. Bd2 Nf6
22. Rfc1 h5 23. Kf2 g4 24. a4 Rg7 25. a5 Rb8 26. axb6 axb6 27. Ba6 Bxa6 28.
Rxa6 gxh3 29. Rg1 Rbb7 30. Raa1 Rbc7 31. Rxg7+ Bxg7 1/2-1/2

[Event "España ch sub-18 2012"]
[Site "Salobreña ESP"]
[Date "2012.07.23"]
[Round "2.8"]
[White "Perera Borrego, Mariela"]
[Black "Suarez Uriel, Adrian"]
[Result "0-1"]
[WhiteElo "2066"]
[BlackElo "2249"]
[PlyCount "56"]
[EventDate "2012.07.23"]
[EventType "swiss"]
[EventRounds "9"]
[EventCountry "ESP"]
[Source "lmi"]
[SourceDate "2012.07.23"]

1. d4 Nf6 2. Nf3 g6 3. g3 Bg7 4. Bg2 O-O 5. O-O d6 6. c4 Nc6 7. Nc3 a6 8. Re1
Rb8 9. d5 Na5 10. Qd3 c5 11. e4 b5 12. Nd2 Ng4 13. Qe2 Bd4 14. Nd1 bxc4 15.
Nxc4 Nxc4 16. Qxc4 f5 17. Be3 Bxe3 18. fxe3 Ne5 19. Qe2 fxe4 20. Bxe4 Bg4 21.
Qxa6 Bf3 22. Bxf3 Nxf3+ 23. Kf1 Qd7 24. Nf2 Nxe1 25. Rxe1 Rxb2 26. Re2 Qh3+ 27.
Ke1 Rb1+ 28. Kd2 Qf1 0-1

[Event "España ch sub-18 2012"]
[Site "Salobreña ESP"]
[Date "2012.07.23"]
[Round "2.9"]
[White "Sierra Montoya, Miquel"]
[Black "Nicolas Zapata, Irene"]
[Result "0-1"]
[WhiteElo "2051"]
[BlackElo "2235"]
[PlyCount "54"]
[EventDate "2012.07.23"]
[EventType "swiss"]
[EventRounds "9"]
[EventCountry "ESP"]
[Source "lmi"]
[SourceDate "2012.07.23"]

1. e4 c5 2. Nf3 d6 3. d4 cxd4 4. Qxd4 Nc6 5. Bb5 Bd7 6. Bxc6 Bxc6 7. Nc3 Nf6 8.
Bg5 e6 9. O-O-O Be7 10. Qd3 Qa5 11. h4 Rc8 12. Kb1 O-O 13. Nd4 Qc7 14. Rde1 b5
15. f4 b4 16. Nd1 Ba8 17. f5 e5 18. Bxf6 Bxf6 19. Nf3 d5 20. Nf2 Rfd8 21. Qb3
dxe4 22. Nxe4 Bd5 23. Qa4 Be7 24. Nfd2 b3 25. Nxb3 Qxc2+ 26. Ka1 Bxe4 27. Qxe4
Rd1+ 0-1

[Event "España ch sub-18 2012"]
[Site "Salobreña ESP"]
[Date "2012.07.23"]
[Round "2.11"]
[White "Capote Robayna, Nathaniel"]
[Black "Quintin Navarro, Alberto"]
[Result "1-0"]
[WhiteElo "2044"]
[BlackElo "2210"]
[PlyCount "75"]
[EventDate "2012.07.23"]
[EventType "swiss"]
[EventRounds "9"]
[EventCountry "ESP"]
[Source "lmi"]
[SourceDate "2012.07.23"]

1. e4 c6 2. d4 d5 3. Nc3 dxe4 4. Nxe4 Bf5 5. Ng3 Bg6 6. h4 h6 7. h5 Bh7 8. Nf3
Nf6 9. Bd3 Bxd3 10. Qxd3 e6 11. c3 Bd6 12. Ne4 Nxe4 13. Qxe4 Nd7 14. Qe2 Nf6
15. Ne5 Qc7 16. f4 O-O-O 17. Be3 Nd5 18. Rf1 f5 19. Ng6 Rhe8 20. O-O-O a5 21.
c4 Nf6 22. c5 Bf8 23. Bf2 Ne4 24. Bh4 Rd5 25. Rf3 Kb8 26. Rb3 a4 27. Rbd3 Qa5
28. Kb1 a3 29. Be1 Qb5 30. Qc2 axb2 31. Rb3 Qa4 32. Rxb7+ Kxb7 33. Qxa4 Rb8 34.
Ne5 Rc8 35. Qb4+ Ka8 36. Rd3 Bxc5 37. Ra3+ Ba7 38. Qb6 1-0

[Event "España ch sub-18 2012"]
[Site "Salobreña ESP"]
[Date "2012.07.23"]
[Round "2.13"]
[White "Rodriguez Ferraz, Borja"]
[Black "Nicolas Zapata, Javier"]
[Result "1-0"]
[WhiteElo "2172"]
[BlackElo "2050"]
[PlyCount "69"]
[EventDate "2012.07.23"]
[EventType "swiss"]
[EventRounds "9"]
[EventCountry "ESP"]
[Source "lmi"]
[SourceDate "2012.07.23"]

1. d4 Nf6 2. c4 g6 3. Nc3 Bg7 4. Nf3 O-O 5. g3 c6 6. Bg2 d5 7. cxd5 cxd5 8. O-O
Ne4 9. Qb3 Nc6 10. e3 Nxc3 11. Qxc3 Qd6 12. b3 b6 13. a4 a5 14. Ba3 Nb4 15.
Rfc1 Bf5 16. Bxb4 axb4 17. Qc7 Qxc7 18. Rxc7 Bf6 19. Ne1 e5 20. Rc6 Kg7 21.
Bxd5 Rad8 22. e4 Rxd5 23. exd5 exd4 24. Rd1 Rd8 25. Rxb6 Rxd5 26. Rxb4 d3 27.
Rb5 Rd8 28. Rxf5 gxf5 29. Rxd3 Re8 30. Nc2 Re2 31. Nd4 Re1+ 32. Kg2 Kg6 33. Nc6
f4 34. b4 fxg3 35. hxg3 1-0

[Event "España ch sub-18 2012"]
[Site "Salobreña ESP"]
[Date "2012.07.23"]
[Round "2.14"]
[White "Bals Hernandez, Jordi"]
[Black "Korneev, Svyatoslav"]
[Result "1-0"]
[WhiteElo "2166"]
[BlackElo "2036"]
[PlyCount "106"]
[EventDate "2012.07.23"]
[EventType "swiss"]
[EventRounds "9"]
[EventCountry "ESP"]
[Source "lmi"]
[SourceDate "2012.07.23"]

1. Nf3 Nf6 2. b3 e6 3. Bb2 b6 4. g3 Bb7 5. Bg2 Be7 6. O-O O-O 7. c4 c5 8. d3 d6
9. Nbd2 Nfd7 10. Qc2 Bf6 11. Rfe1 Bxb2 12. Qxb2 Nc6 13. d4 cxd4 14. Nxd4 Qf6
15. e3 Nc5 16. Ne4 Nxe4 17. Bxe4 d5 18. cxd5 Nb4 19. Qb1 Nxd5 20. Bxh7+ Kh8 21.
Bd3 e5 22. Ne2 Nxe3 23. fxe3 Qf3 24. e4 Rad8 25. Nc1 Rd4 26. Qc2 Rc8 27. Qe2
Qf6 28. Qh5+ Kg8 29. Rf1 Qe7 30. Bc4 Rc7 31. Ne2 Rxe4 32. Nc3 Rd4 33. Bxf7+
Qxf7 34. Rxf7 Rxf7 35. Rf1 Re7 36. Qf5 Rd8 37. Ne4 Bxe4 38. Qxe4 Rd4 39. Qf5
Rd8 40. Re1 Rde8 41. Re4 Re6 42. g4 g6 43. Qg5 Kf7 44. Kf2 R8e7 45. h4 Rf6+ 46.
Ke2 Rfe6 47. h5 gxh5 48. Qxh5+ Kg7 49. g5 Rd6 50. Rh4 Red7 51. Qh8+ Kf7 52.
Rh7+ Ke6 53. Qe8+ Kd5 1-0

[Event "España ch sub-18 2012"]
[Site "Salobreña ESP"]
[Date "2012.07.23"]
[Round "2.15"]
[White "Garcia Rodriguez, Sara"]
[Black "Acosta Sosa, Juan Manuel"]
[Result "0-1"]
[WhiteElo "2015"]
[BlackElo "2166"]
[PlyCount "114"]
[EventDate "2012.07.23"]
[EventType "swiss"]
[EventRounds "9"]
[EventCountry "ESP"]
[Source "lmi"]
[SourceDate "2012.07.23"]

1. e4 c5 2. Nf3 d6 3. d4 cxd4 4. Nxd4 Nf6 5. Nc3 g6 6. Be2 Bg7 7. Be3 O-O 8.
O-O Nc6 9. Nb3 Bd7 10. f4 b5 11. Bf3 b4 12. Ne2 Ng4 13. Bxg4 Bxg4 14. Rb1 Na5
15. h3 Bd7 16. Qd3 Qc7 17. Nbd4 Rfc8 18. c3 bxc3 19. Nxc3 Nc4 20. Nd5 Qd8 21.
Bf2 e6 22. Nc3 e5 23. fxe5 dxe5 24. Nde2 Be6 25. Rfd1 Nb6 26. Qb5 Qg5 27. Kh1
Nc4 28. Qa6 Ne3 29. Bxe3 Qxe3 30. Qd3 Qxd3 31. Rxd3 Bc4 32. Rd7 Be6 33. Rb7 Rd8
34. Nc1 Bf8 35. Nb3 Rdb8 36. Na5 Rxb7 37. Nxb7 Rb8 38. Na5 Rb6 39. a3 f5 40. b4
Rd6 41. Rc1 Bh6 42. Rc2 Rd2 43. Rxd2 Bxd2 44. exf5 gxf5 45. Nb1 Bc1 46. Nc6 e4
47. Kg1 Kg7 48. Kf2 e3+ 49. Ke1 Ba2 50. Kd1 e2+ 51. Kxe2 Bxb1 52. a4 Be4 53.
Nxa7 Bxg2 54. b5 Ba3 55. a5 Kf6 56. b6 Bc5 57. h4 f4 0-1

[Event "España ch sub-18 2012"]
[Site "Salobreña ESP"]
[Date "2012.07.23"]
[Round "2.16"]
[White "Fernandez Diaz, Cristian"]
[Black "Nieto Asencio, Maria Del Carmen"]
[Result "1-0"]
[WhiteElo "2162"]
[BlackElo "2017"]
[PlyCount "87"]
[EventDate "2012.07.23"]
[EventType "swiss"]
[EventRounds "9"]
[EventCountry "ESP"]
[Source "lmi"]
[SourceDate "2012.07.23"]

1. d4 c5 2. d5 e5 3. c4 d6 4. e4 Nd7 5. Nc3 a6 6. Bd3 Be7 7. Nf3 Ngf6 8. h3 h5
9. Be3 Nf8 10. Qd2 Ng6 11. a3 h4 12. b4 b6 13. Rb1 Nh5 14. bxc5 bxc5 15. Ne2
Qc7 16. Qb2 Bd8 17. Nh2 Ra7 18. O-O O-O 19. Qb8 Qxb8 20. Rxb8 Bc7 21. Rb3 f6
22. Rfb1 Re8 23. Nc3 Nhf4 24. Be2 Ba5 25. Kf1 f5 26. Bf3 Kh7 27. exf5 Bxf5 28.
Ne4 Rd8 29. Ng4 Ne7 30. g3 hxg3 31. fxg3 Nfg6 32. Kg2 Kg8 33. Bg5 Bc7 34. h4
Re8 35. Ne3 Bc8 36. Bh5 Rf8 37. Bxg6 Nxg6 38. h5 Nh8 39. Be7 Nf7 40. Bxf8 Kxf8
41. Rf1 Kg8 42. Rb2 Bd8 43. Rb8 Rc7 44. Rxf7 1-0

[Event "España ch sub-18 2012"]
[Site "Salobreña ESP"]
[Date "2012.07.23"]
[Round "2.17"]
[White "Ponce Cano, Adrian"]
[Black "Villaseñor Rubio, Emilio Jose"]
[Result "0-1"]
[WhiteElo "1995"]
[BlackElo "2159"]
[PlyCount "54"]
[EventDate "2012.07.23"]
[EventType "swiss"]
[EventRounds "9"]
[EventCountry "ESP"]
[Source "lmi"]
[SourceDate "2012.07.23"]

1. e4 c5 2. Nf3 Nc6 3. Nc3 g6 4. Bc4 Bg7 5. O-O e6 6. Re1 d6 7. d3 Nge7 8. Bg5
a6 9. a4 h6 10. Bh4 g5 11. Bg3 Ng6 12. Qd2 g4 13. e5 d5 14. Bb3 gxf3 15. gxf3
Nd4 16. Qd1 h5 17. h3 Qg5 18. Kh1 Qf5 19. Kg2 h4 20. Bh2 Bxe5 21. f4 Nxf4+ 22.
Kh1 Qxh3 23. Bxd5 exd5 24. Rxe5+ Be6 25. Qf1 Qf3+ 26. Kg1 Rg8+ 27. Bg3 hxg3 0-1

[Event "España ch sub-18 2012"]
[Site "Salobreña ESP"]
[Date "2012.07.23"]
[Round "2.18"]
[White "Shen, Yue"]
[Black "Garcia Perez, Javier"]
[Result "1-0"]
[WhiteElo "2148"]
[BlackElo "2002"]
[PlyCount "61"]
[EventDate "2012.07.23"]
[EventType "swiss"]
[EventRounds "9"]
[EventCountry "ESP"]
[Source "lmi"]
[SourceDate "2012.07.23"]

1. d4 Nf6 2. c4 c5 3. d5 e6 4. Nc3 exd5 5. cxd5 d6 6. e4 g6 7. h3 Bg7 8. Nf3 a6
9. a4 Nbd7 10. Bd3 Nh5 11. O-O Ne5 12. Nxe5 Bxe5 13. f4 Bd4+ 14. Kh2 Qh4 15.
Qe1 Qxe1 16. Rxe1 Bf2 17. Rf1 Bg3+ 18. Kg1 O-O 19. Ne2 f5 20. e5 dxe5 21. Nxg3
Nxg3 22. fxe5 Nxf1 23. Bxf1 f4 24. e6 Rb8 25. a5 g5 26. Bc4 Rf6 27. b3 b5 28.
axb6 Rxb6 29. Ba3 Rb5 30. Re1 Kf8 31. d6 1-0

[Event "España ch sub-18 2012"]
[Site "Salobreña ESP"]
[Date "2012.07.23"]
[Round "2.19"]
[White "Amores Gago, Javier"]
[Black "Salido Polo, Veronica"]
[Result "1-0"]
[WhiteElo "2135"]
[BlackElo "1991"]
[PlyCount "63"]
[EventDate "2012.07.23"]
[EventType "swiss"]
[EventRounds "9"]
[EventCountry "ESP"]
[Source "lmi"]
[SourceDate "2012.07.23"]

1. e4 c5 2. Nc3 Nc6 3. g3 g6 4. Bg2 Bg7 5. d3 d6 6. f4 e6 7. Nf3 Nge7 8. O-O
O-O 9. Be3 b6 10. d4 d5 11. exd5 Nf5 12. Bf2 Ncxd4 13. dxe6 Bxe6 14. Re1 h5 15.
Ne5 Rc8 16. Ne4 Qc7 17. c3 Nb5 18. Qa4 Nbd6 19. Nxd6 Nxd6 20. Nxg6 b5 21. Qa6
Rfe8 22. Ne5 Rb8 23. Qc6 Rec8 24. Qf3 b4 25. cxb4 Rxb4 26. b3 c4 27. Rac1 Rb5
28. bxc4 Nxc4 29. Nxc4 Bxc4 30. Bf1 Rb4 31. Re4 Qb7 32. Rcxc4 1-0

[Event "España ch sub-18 2012"]
[Site "Salobreña ESP"]
[Date "2012.07.23"]
[Round "2.20"]
[White "Norte Garcia, Andrea"]
[Black "Gutierrez Valero, Mario"]
[Result "1/2-1/2"]
[WhiteElo "1983"]
[BlackElo "2135"]
[PlyCount "129"]
[EventDate "2012.07.23"]
[EventType "swiss"]
[EventRounds "9"]
[EventCountry "ESP"]
[Source "lmi"]
[SourceDate "2012.07.23"]

1. e4 c5 2. Nf3 Nc6 3. d4 cxd4 4. Nxd4 Nf6 5. Nc3 e5 6. Ndb5 d6 7. Bg5 a6 8.
Na3 b5 9. Nd5 Be7 10. Bxf6 Bxf6 11. c3 Bg5 12. Nc2 O-O 13. a4 bxa4 14. Rxa4 a5
15. Bc4 Rb8 16. b3 Kh8 17. O-O g6 18. Qd3 f5 19. Rd1 Ne7 20. Nxe7 Bxe7 21. Ne3
fxe4 22. Qxe4 Bb7 23. Bd5 Rf4 24. Qd3 Rxa4 25. bxa4 Bc8 26. Be4 Bd7 27. Nd5 Bf8
28. Qc2 Kg7 29. f4 Qe8 30. Rf1 Bxa4 31. Qf2 Rd8 32. fxe5 dxe5 33. Qf6+ Kg8 34.
Nc7 Bc5+ 35. Kh1 Qe7 36. Bd5+ Rxd5 37. Nxd5 Qxf6 38. Nxf6+ Kg7 39. Ne4 Be7 40.
Ra1 Bc2 41. Nd2 a4 42. Nc4 e4 43. Nb6 e3 44. Nd5 Bc5 45. Re1 a3 46. Nxe3 Bd3
47. Nf1 a2 48. Ra1 Bc4 49. Nd2 Bf7 50. c4 Bb4 51. Rxa2 Bxd2 52. Rxd2 Bxc4 53.
Kg1 g5 54. Kf2 Kf6 55. Ke3 Be6 56. Rb2 Bd5 57. Kd4 Be6 58. Rf2+ Kg7 59. Ke5 Bf7
60. Kf5 h6 61. Rb2 Bg6+ 62. Ke5 Bf7 63. Rb7 Kg6 64. g4 Bc4 65. Rb6+ 1/2-1/2

[Event "España ch sub-18 2012"]
[Site "Salobreña ESP"]
[Date "2012.07.23"]
[Round "2.21"]
[White "Arnedo Ruiz, Alberto"]
[Black "Mercado Larrea, Adrian"]
[Result "1-0"]
[WhiteElo "2124"]
[BlackElo "1875"]
[PlyCount "41"]
[EventDate "2012.07.23"]
[EventType "swiss"]
[EventRounds "9"]
[EventCountry "ESP"]
[Source "lmi"]
[SourceDate "2012.07.23"]

1. e4 c5 2. Nf3 Nc6 3. Bb5 g6 4. Bxc6 dxc6 5. d3 Bg7 6. h3 e5 7. Nbd2 Qe7 8.
Nc4 b6 9. Bg5 Qc7 10. O-O Be6 11. Nfd2 Bxc4 12. Nxc4 f6 13. Be3 Ne7 14. a4 O-O
15. a5 Rfd8 16. Qb1 f5 17. Qa2 Kf8 18. axb6 axb6 19. Qxa8 Rxa8 20. Rxa8+ Kf7
21. Rfa1 1-0

[Event "España ch sub-18 2012"]
[Site "Salobreña ESP"]
[Date "2012.07.23"]
[Round "2.22"]
[White "Barrio Ugidos, Ibon"]
[Black "Molina Rodriguez, Borja"]
[Result "1-0"]
[WhiteElo "1855"]
[BlackElo "2124"]
[PlyCount "79"]
[EventDate "2012.07.23"]
[EventType "swiss"]
[EventRounds "9"]
[EventCountry "ESP"]
[Source "lmi"]
[SourceDate "2012.07.23"]

1. e4 c5 2. Nf3 Nc6 3. d4 cxd4 4. Nxd4 Nf6 5. Nc3 e5 6. Ndb5 d6 7. Bg5 a6 8.
Na3 b5 9. Nd5 Be7 10. Bxf6 Bxf6 11. c3 Bg5 12. Nc2 O-O 13. a4 bxa4 14. Rxa4 a5
15. Bc4 Rb8 16. Ra2 Kh8 17. Nce3 g6 18. h4 Bxh4 19. g3 Bg5 20. f4 exf4 21. gxf4
Bh4+ 22. Kf1 f5 23. b4 fxe4 24. Rah2 g5 25. b5 Ne5 26. Qd4 Rb7 27. Rxh4 gxh4
28. Ke2 Rg7 29. fxe5 Qg5 30. Qxe4 Qh5+ 31. Ke1 h3 32. e6 Bb7 33. e7 Re8 34. Nf5
Qg4 35. Qxg4 Rxg4 36. Rxh3 Rxc4 37. Nf6 Re4+ 38. Nxe4 Bxe4 39. Nxd6 Rxe7 40.
Re3 1-0

[Event "España ch sub-18 2012"]
[Site "Salobreña ESP"]
[Date "2012.07.23"]
[Round "2.23"]
[White "Cerrato Torrijos, Maria"]
[Black "Castillo Rodriguez, Angel Luis"]
[Result "1-0"]
[WhiteElo "2114"]
[BlackElo "1805"]
[PlyCount "166"]
[EventDate "2012.07.23"]
[EventType "swiss"]
[EventRounds "9"]
[EventCountry "ESP"]
[Source "lmi"]
[SourceDate "2012.07.23"]

1. Nf3 e6 2. g3 f5 3. Bg2 Nf6 4. c4 d5 5. O-O c6 6. d3 Bd6 7. Nc3 O-O 8. cxd5
exd5 9. e4 dxe4 10. dxe4 fxe4 11. Ng5 Kh8 12. Ncxe4 Bc7 13. Qb3 Qe8 14. Nxf6
Rxf6 15. Bd2 h6 16. Bc3 hxg5 17. Bxf6 gxf6 18. Rae1 Qf8 19. Re2 Nd7 20. f4 Nc5
21. Qf3 g4 22. Qc3 Bd7 23. Rfe1 Re8 24. Rxe8 Bxe8 25. b4 Nd7 26. Qd3 Kg7 27.
Qf5 Qd6 28. Qxg4+ Bg6 29. Rd1 Bb6+ 30. Kh1 Bd4 31. f5 Ne5 32. Rxd4 Nxg4 33.
Rxd6 Bxf5 34. b5 cxb5 35. Bxb7 a5 36. Rb6 Bd3 37. Ba6 b4 38. Bxd3 Nf2+ 39. Kg2
Nxd3 40. Ra6 b3 41. axb3 Nc5 42. Rb6 a4 43. bxa4 Nxa4 44. Ra6 Nc5 45. Rc6 Nd3
46. h3 Ne1+ 47. Kf2 Nd3+ 48. Ke3 Ne5 49. Ra6 Kg6 50. Ke4 Nd7 51. Kf4 Nc5 52.
Rd6 Nb7 53. Rd5 f5 54. Ke5 Kg5 55. Ke6 Kg6 56. Kd7 Kf6 57. Kc8 Ke6 58. Rd1 Nd6+
59. Kd8 Ne4 60. Rg1 Kf6 61. Kd7 Kg5 62. Ke6 Nc5+ 63. Kd5 Ne4 64. Rg2 Nf6+ 65.
Kd4 Nd7 66. Re2 Nf6 67. Re5 Kg6 68. Ke3 Nd7 69. Re6+ Kg5 70. h4+ Kh5 71. Kf4
Nf6 72. Kxf5 Ng4 73. Kf4 Nf6 74. Re5+ Kg6 75. g4 Nd7 76. Rd5 Nf8 77. Rd6+ Kf7
78. Kf5 Ke7 79. Ra6 Kf7 80. Ra7+ Kg8 81. g5 Kh8 82. g6 Kg8 83. Kf6 Nh7+ 1-0